Příběhy z pitevny /
Uznávaný soudní lékař Pavel Toupalík a princezna české krimi Kristýna Trpková spojili síly, aby čtenářům přiblížili, co se doopravdy děje za oponou pitevních sálů. Jaká je vlastně práce soudního znalce v naší zemi? Jak moc se realita na českých pitevnách liší od toho, co vidíme v televizi a čteme v...
Uloženo v:
| Hlavní autor: | |
|---|---|
| Další autoři: | |
| Médium: | Kniha |
| Jazyk: | Czech |
| Vydáno: |
Praha :
Euromedia Group,
2026
|
| Vydání: | Vydání první |
| Témata: | |
| Celkem bylo vypůjčeno: | 0x |
| Tagy: |
Žádné tagy |
| LEADER | 01902nam a22003257i 4500 | ||
|---|---|---|---|
| 001 | 106331 | ||
| 003 | CZ PrSKC | ||
| 005 | 20260513095858.0 | ||
| 008 | 260506s2026 xr ||| | cze d | ||
| 020 | |a 9788028411817 |q (vázáno) : |c Kč 399,00 | ||
| 040 | |a JHG001 |b cze |d UOG505 |e rda | ||
| 072 | 7 | |a 821.162.3-3 |x Česká próza |2 Konspekt | |
| 080 | |a 343 | ||
| 100 | 1 | |a Trpková, Kristýna, |d 1996- |7 xx0263833 |4 aut |9 112512 | |
| 245 | 1 | 0 | |a Příběhy z pitevny / |c Kristýna Trpková, Pavel Toupalík |
| 250 | |a Vydání první | ||
| 264 | 1 | |a Praha : |b Euromedia Group, |c 2026 | |
| 300 | |a 156 stran ; |c 21 cm | ||
| 336 | |a text |b txt |2 rdacontent | ||
| 337 | |a bez média |b n |2 rdamedia | ||
| 338 | |a svazek |b nc |2 rdacarrier | ||
| 520 | 2 | |a Uznávaný soudní lékař Pavel Toupalík a princezna české krimi Kristýna Trpková spojili síly, aby čtenářům přiblížili, co se doopravdy děje za oponou pitevních sálů. Jaká je vlastně práce soudního znalce v naší zemi? Jak moc se realita na českých pitevnách liší od toho, co vidíme v televizi a čteme v knihách? Jsou podlahy na pitevnách vážně tak dokonale nablýskané a čisté jako na obrazovkách? Jaký byl nejbrutálnější čin, ke kterému byl Pavel za svou kariéru přivolán? Proč odborníci z tohoto oboru nedají dopustit na svůj pověstný černý humor? A na jaké oběti se ani po víc než třicetileté praxi a desítkách tisíců provedených pitev stejně zvyknout nedá? | |
| 650 | 7 | |a kriminalistika |7 ph115011 |2 czenas | |
| 655 | 7 | |a rozhovory |7 fd133303 |2 czenas |9 2157 | |
| 700 | 1 | |a Toupalík, Pavel, |d 1966- |7 uk2007369599 |4 aut | |
| 710 | 2 | |a Euromedia Group |7 kn20100114009 |4 pbl |9 117126 | |
| 910 | |a UOG502 | ||
| 942 | |2 ddc |c KN | ||
| 999 | |d 106331 | ||
| 993 | |0 0 |1 421180107052 |2 ddc |4 0 |6 34_000000000000000 |7 0 |9 99704 |b 0 |c 107052 |d 2026-05-13 |e 0 |f DOSP |g 34 |h 399.00 |i Koupě |l DOSP |r 2026-05-13 |t 5 |w 2026-05-13 |y KN |z NAUCNA |n | ||